The tempest: Notes

Պահպանված է:
Մատենագիտական մանրամասներ
Հիմնական հեղինակ: Shakespeare, William
Ձևաչափ: Գիրք
Լեզու:Undetermined
Հրապարակվել է: Toronto, Canadá Coles Publishing Company Limited 1970
Խորագրեր:
Ցուցիչներ: Ավելացրեք ցուցիչ
Չկան պիտակներ, Եղեք առաջինը, ով նշում է այս գրառումը!

MARC

LEADER 00000nam a2200000Ia 4500
008 170316s9999 xx 000 0 und d
040 |a cru BVZT 
090 |a 820 S-5te 
100 |a Shakespeare, William 
245 4 |a The tempest: Notes 
260 |a Toronto, Canadá 
260 |b Coles Publishing Company Limited 
260 |c 1970 
300 |a 68 páginas 
650 |a LITERATURA INGLESA 
650 |a COMENTARIOS 
999 |c 7191  |d 7191 
942 |c 15 D  |h 820 S-5te  |2 z